00255nam a2200121Ia 45000030006000000080041000060400015000471000011000622450022000732600009000955460012001040050017001160STCL150530s9999 xx 000 0 und d aSTCLcSTCL aBuchan aThirty nine steps c1952 aEnglish20220125171052.0